00779 a2200193 4500010002800000020003100028020003400059035002700093037001800120082001100138245009200149260003800241270007400279300002900353500005000382520008900432650003700521700002700558 aENG-85051 B-452775-776 a8125030484c650.00 695.00 a9788125030485c650.00 695.00 aEN-68584 B-452775-776 bD.B.Act / Pub a954.83 aKerala, the paradoxes of public action and developmentcedited by Joseph Tharamangalam. aNew DelhibOrient Longman,c2006. a160, Anna Salai,bChennaicTamil Nadue600002mollmad@md4.vsnl.net.in axii, 404 p.c22 cm. (Hb) aIncludes bibliographical references and index aRevised and edited papers presented during a two day workshop in Trivandrum in 1999. aRegional planningzIndiazKerala aTharamangalam, Joseph.